000 01072nam a2200301Ia 4500
003 OSt
005 20221006160556.0
006 a|||||r|||| 00| 0
007 ta
008 221006b |||||||| |||| 00| 0 eng d
020 _a9780415732987
_c£80.00
024 _a45,532
037 _b43649, 20/03/2015, Segment Book Distributors
_cTextual
040 _aEASL
_cEASL
_beng
041 _2eng
_aeng
082 _aV41:594.N5, Q4
100 _aMcCord Edward A.
_9674215
245 0 _aMilitary force and elite power in the formation of modern China
260 _aLondon
_bRoutledge
_c2014
300 _a194p.
_ccm.
490 _v CEL
_aRoutledge studies in the modern history of Asia
650 _a CEL
650 _a China - Local military power and elite formation
_9674216
650 _a China - Residual warlordism un the Nationalist party-state
_9674217
650 _aChina - Predatory warlordism
_9674218
942 _hV41:594.N5, Q4
_cTEXL
_2CC
999 _c1113624
_d1113624